České poisťovne v ofenzíve v boji proti podvodom spoja sily a využijú nový počítačový program
Základné princípy fungovania systému SVIPO(systém výmeny informácií o podozrivých okolnostiach) v deviatich zainteresovaných poisťovniach v ČR. Podiely podvodov v jednotlivých oblastiach poistenia českého poistného trhu a eliminácia rizík v poisťovníctve.
Gespeichert in:
| 1. Verfasser: | |
|---|---|
| Format: | Buchkapitel |
| Sprache: | Slowakisch |
| Schlagworte: | |
| Tags: |
Keine Tags, Fügen Sie das erste Tag hinzu!
|
MARC
| LEADER | 00000naa a2200000 4500 | ||
|---|---|---|---|
| 001 | 0152063 | ||
| 005 | 20221104125134.6 | ||
| 041 | 0 | |a slo | |
| 044 | |a SK | ||
| 245 | 1 | 0 | |a České poisťovne v ofenzíve |b v boji proti podvodom spoja sily a využijú nový počítačový program |c Ludvík Bohman |
| 520 | |a Základné princípy fungovania systému SVIPO(systém výmeny informácií o podozrivých okolnostiach) v deviatich zainteresovaných poisťovniach v ČR. Podiely podvodov v jednotlivých oblastiach poistenia českého poistného trhu a eliminácia rizík v poisťovníctve. | ||
| 610 | 2 | 0 | |a Česko |
| 610 | 2 | 0 | |a trh poistný |
| 610 | 2 | 0 | |a poisťovníctvo |
| 610 | 2 | 0 | |a poistenie |
| 610 | 2 | 0 | |a zmluvy poistné |
| 610 | 2 | 0 | |a riziko poistné |
| 610 | 2 | 0 | |a podvody poisťovacie |
| 610 | 2 | 0 | |a činy trestné |
| 100 | 1 | |a Bohman, Ludvík | |